| 000 | 00875nam a22002657a 4500 | ||
|---|---|---|---|
| 003 | DO-SdBNP | ||
| 005 | 20211102093600.0 | ||
| 007 | ta | ||
| 008 | 211102b2018 dr a|||| |||| 00| 0 eng d | ||
| 020 | _a9789945803419 | ||
| 040 |
_aDO-SdBNP _bspa _cBNPHU |
||
| 082 | 4 | _222 | |
| 100 | 1 |
_aRamírez, Joaquín Alberto _977913 |
|
| 245 | 1 | 0 |
_aSánchez y la inconstancia de los filorios / _cJoaquín Alberto Ramírez |
| 260 |
_aSanto Domingo : _bSoto Castillo, _c2018. |
||
| 300 |
_a144 p. : _bil. ; _c23 cm. |
||
| 490 | 1 | _aFortalecimiento institucional | |
| 500 | _aIncluye datos biográficos del autor en la solapa de la cubierta | ||
| 504 | _aBibliografía : p. 143 | ||
| 590 | _aInventariado, 2021/BT | ||
| 590 | _aLa biblioteca posee 1 ejemplar autografíado por el autor | ||
| 830 | 0 |
_nFortalecimiento institucional _980429 |
|
| 910 | _aBtavárez | ||
| 942 |
_2ddc _cLBS1 |
||
| 999 |
_c50843 _d50843 |
||